Cafes, bars & restaurants
| Main Author: | |
|---|---|
| Format: | Section = Libro |
| Language: | Undetermined Spanish |
| Published: |
España
MONSA
2002
|
| Subjects: |
| LEADER | 00533nam a2200205Ia 4500 | ||
|---|---|---|---|
| 008 | 240829s9999 xx 000 0 und d | ||
| 020 | |a 84-8986-96-X | ||
| 040 | |a BIBLIOTECA-RUSB/ Ref 725.71 M915 | ||
| 041 | |a spa | ||
| 082 | |a Ref 725.71 M915 | ||
| 100 | 1 | |a Mostaedi, Arian | |
| 245 | 1 | 0 | |a Cafes, bars & restaurants |
| 260 | |a España |b MONSA |c 2002 | ||
| 300 | |a 239 p. :il. | ||
| 650 | 7 | |a EDIFICIOS DE RESTAURANTES | |
| 650 | 7 | |b BARES | |
| 650 | 7 | |c ESPACIOS INTERIORES - RESTAURANTES | |
| 942 | |c BK |2 ddc | ||
| 991 | |a TEXTO | ||
| 999 | |c 6524 | ||